000
00309nam a2200133Ia 4500
003
LDD
040
_c
LDD
082
_a
327.54047 N42
100
_a
Bondar, Oleg
245
0
_a
New Theme on Russian- Indian Affairs
_c
Oleg Bondar
260
_a
New Delhi
_b
Rianovosti
_c
2008
300
_a
Vol. vii.
942
_2
ddc
_c
G
999
_c
12614
_d
12614